00739cam a22002411 4500001001300000003000400013005001700017008004100034010001700075035001900092040003800111042001200149050002200161100003300183245008400216260002300300300003000323410004500353504003100398650002800429650002300457999001700480gs 55000211 DLC20260227111403.0811211s1954 dcua f000 0 eng c ags 55000211  a(OCoLC)7988096 aUS Geol. Survey. Lib.cOkAdEdDLC apremarc00aQE75b.C5 no. 3531 aWilson, Ernest Elmer,d1924-10aPortable scintillation counters for geologic use,cby E. E. Wilson [and others] aWashington,c1954. aii, 10 p.billus.c27 cm.20aGeological Survey (U.S.).tCircularv353 a"Literature cited": p. 10. 0aScintillation counters. 0aGeologyxResearch. c28961d28961